FIFA FIFPro World XI 2015 - Statistics

Statistiche generali
  • Questo quiz è stato fatto 12 volte
  • Il punteggio medio è 10 su 11
Statistiche sulle risposte
Ruolo Nazione Squadra Calciatore % Corretto
Portiere Germania Bayern Monaco Manuel Neuer
100%
Centrocampista Spagna Barcellona Andrés Iniesta
91%
Attaccante Portogallo Real Madrid Cristiano Ronaldo
91%
Difensore Brasile Barcellona Dani Alves
91%
Attaccante Argentina Barcellona Lionel Messi
91%
Centrocampista Croazia Real Madrid Luka Modrić
91%
Attaccante Brasile Barcellona Neymar
91%
Centrocampista Francia Juventus Paul Pogba
91%
Difensore Spagna Real Madrid Sergio Ramos
82%
Difensore Brasile Paris Saint-Germain Thiago Silva
82%
Difensore Brasile Real Madrid Marcelo
73%
Nessun quiz corrispondente trovato
Distribuzione punteggi
Percentuale di utenti per punteggio
Percentile per numero di risposta
I tuoi punteggi nel tempo
Non hai fatto questo quiz